Statystyki dla Wymień państwo europejskie, które nie ma we fladze koloru czerwonego

Kliknij tutaj aby rozwiązać quiz!

Ogólne statystyki

  • Ten quiz został rozwiązany 132 razy
  • Średni wynik to 4 z 6

Statystyki odpowiedzi

Odpowiedź% Poprawnych
Szwecja
85%
Finlandia
84%
Ukraina
79%
Estonia
76%
Irlandia
65%
Watykan
55%

Rozkład punktacji

Percentyl według liczby udzielonych odpowiedzi

Procent ludzi z każdym wynikiem

Twoja historia wyników

Nie rozwiązałeś tego quizu